Skład Bayernu 19/20 - Statystyki

Ogólne statystyki
  • Ten quiz został rozwiązany 497 razy
  • Średni wynik to 13 z 23
Statystyki odpowiedzi
Hint Odpowiedź % Poprawnych
Bramkarz Manuel Neuer
97%
Napastnik Robert Lewandowski
97%
Napastnik Thomas Müller
89%
Obrońca Jérôme Boateng
87%
Obrońca Joshua Kimmich
83%
Kanadyjczyk Alphonso Davies
81%
Napastnik Serge Gnabry
80%
Obrońca David Alaba
78%
Napastnik Kingsley Coman
74%
Obrońca Niklas Süle
69%
Obrońca Benjamin Pavard
65%
Pomocnik Leon Goretzka
65%
Pomocnik Thiago
61%
Obrońca Lucas Hernández
57%
Bramkarz Sven Ulreich
57%
Pomocnik Javi Martínez
55%
Pomocnik Corentin Tolisso
50%
Napastnik Fiete Arp
23%
Bramkarz Christian Früchtl
17%
Obrońca Lars Lukas Mai
12%
Pomocnik Michaël Cuisance
11%
Bramkarz Ron-Thorben Hoffmann
9%
Pomocnik Sarpreet Singh
3%
Nie znaleziono quizów pasujących do podanych kryteriów
Rozkład punktacji
Procent ludzi z każdym wynikiem
Percentyl według liczby udzielonych odpowiedzi
Twoja historia wyników
Nie rozwiązałeś tego quizu